Chigüiro encuentra ayuda /
Guardado en:
| Autor Principal: | |
|---|---|
| Formato: | Libro |
| Publicado: |
Buenos Aires :
Calibroscopio,
2013
|
| Materias: | |
| Etiquetas: |
Agregar Etiqueta
Sin Etiquetas, Sea el primero en etiquetar este registro!
|
| LEADER | 00754nam a22002415a 4500 | ||
|---|---|---|---|
| 001 | CEM.cems015357 | ||
| 005 | 20191122162005.0 | ||
| 008 | 130507s2013##################000#0#####d | ||
| 003 | CEMS | ||
| 020 | |a 9789871801190 | ||
| 082 | 0 | 4 | |a C868.4 |
| 100 | 1 | |a Da Coll, Ivar | |
| 245 | 1 | 0 | |a Chigüiro encuentra ayuda / |c Ivar Da Coll |
| 260 | |a Buenos Aires : |b Calibroscopio, |c 2013 | ||
| 300 | |a 32 p. | ||
| 653 | |a Literatura | ||
| 653 | |a Literatura colombiana | ||
| 653 | |a Literatura infantil | ||
| 653 | |a Cuentos infantiles | ||
| 653 | |a Colección ciencias de la educación | ||
| 653 | |a Libro Álbum | ||
| 859 | |a CEMS |b BIB. CEMS - Ccias. Educacion |h C868.4 |i D11 |k CE |p 28642.19 |t Ej.1 | ||
| 859 | |a CEMS |b BIB. CEMS - Ccias. Educacion |h C868.4 |i D11 |k CE |p 28643.19 |t Ej.2 | ||
